00917nam a22002297a 450000500170000001000150001702000270003202000240005903500130008303700130009608200170010924501040012626000460023027000630027630000240033949000660036350000500042970000160047994200310049599900170052695201440054320130429160101.0 aENG-106938 a9780198080374c1100.00 a0198080379c1100.00 aEN-90471 bDBAD/PUB a301.07209542 aSociology at the University of Lucknow :cedited by T.N. Madanb the first half century (1921-1975) aNew Delhi bOxford University Pressc2013 aYMCA Library Building, 1 Jai Singh RoadbNew Delhie110001 axiv,396p.c24cm(Hb) aOxford in India readings in sociology and social anthropology aIncludes bibliographical references and index aMadan, T.N. 2ddccENh301.07209542mSOC c74936d74936 001040718NFICaDBADbDBADd2013-04-29eDBAD/PUBg1100.00l0o301.07209542 SOCpEN-90471r2013-04-29 00:00:00t1v1100.00w2013-04-29yEN